| 000 | 00763nam a2200241Ia 4500 | ||
|---|---|---|---|
| 003 | OSt | ||
| 005 | 20220923223604.0 | ||
| 006 | a|||||r|||| 00| 0 | ||
| 007 | ta | ||
| 008 | Pun | ||
| 024 | _a218,976 | ||
| 037 | _cTextual | ||
| 040 |
_aARTS _cARTS _bPun |
||
| 041 |
_2Pun _aPun |
||
| 082 | _aO153,1:g(R39N), P2 | ||
| 100 |
_aਰੰਧਾਵਾ, ਆਤਮ _9156278 |
||
| 245 | 0 | _aਉਦਰ ਆਧੁਨਿਕਤਾ ਅਤੇ ਸਮਕਾਲੀ ਪੰਜਾਬੀ ਕਵਿਤਾ | |
| 260 |
_aਲੁਧਿਆਨਾ _b ਚੇਤਨਾ ਪ੍ਰਕਾFਨ _c2002 |
||
| 300 |
_a192ਪੰ _ccm. |
||
| 650 | _aਪੰਜਾਬੀ ਸਾਹਿਤ | ||
| 942 |
_hO153,1:g(R39N), P2 _cTEXL _2CC |
||
| 999 |
_c366310 _d366310 |
||